000
00299nam a2200121Ia 4500
008
191206s9999 xx 000 0 und d
090
_a
DT32C84
245
0
_a
Britannia Waives the Rules
260
_a
Nasionale Boekhandel
260
_c
c1963
300
_a
112 p. 22 cm.
999
_c
15591
_d
15591